00257nam a2200097Ia 4500008004100000082001900041100002400060245003000084260003700114300000800151150731s2011 xx 000 0 und d a615.53bV 11 B aBALKRISHAN PANCHOLI aVEYAKARAN SIDHDANT KOMUDI bCHAUKHAMBHA PUB. NEW DELHIc2011 a563